La Historia feminista del género y la cuestión del sujeto /
Spremljeno u:
| Glavni autor: | |
|---|---|
| Format: | Tekst |
| Teme: | |
| Oznake: |
Dodaj oznaku
Bez oznaka, Budi prvi tko označuje ovaj zapis!
|
MARC
| LEADER | 00000 a a2200000 04500 | ||
|---|---|---|---|
| 001 | 1883 | ||
| 003 | |||
| 040 | |||
| 100 | |a Luna, Lola G. | ||
| 245 | |a La Historia feminista del género y la cuestión del sujeto / |c Lola G. Luna | ||
| 500 | |a Avance de la investigación: El sufragio colombiano y la cuestión del sujeto 1930-1957 | ||
| 650 | |a ROL DE LA MUJER | ||
| 650 | |a ROLES DE LOS GENEROS | ||
| 650 | |a ANALISIS HISTORICO | ||
| 650 | |a LINGUISTICA | ||
| 650 | |a FEMENISMO | ||
| 773 | |g número 52; páginas 105-121 | ||
| 999 | |c 37344 |d 37344 | ||
